<?xml version="1.0" encoding="UTF-8"?>
<collection xmlns="http://www.loc.gov/MARC21/slim">
 <record>
  <leader>02005cam a22003731a 4500</leader>
  <controlfield tag="001">000036187</controlfield>
  <controlfield tag="003">12481</controlfield>
  <controlfield tag="005">20230525081550.0</controlfield>
  <controlfield tag="008">160328s2005    vm            000   vie</controlfield>
  <datafield tag="020" ind1=" " ind2=" ">
   <subfield code="c">24500đ</subfield>
  </datafield>
  <datafield tag="040" ind1=" " ind2=" ">
   <subfield code="a">LNN</subfield>
  </datafield>
  <datafield tag="041" ind1=" " ind2=" ">
   <subfield code="a">vie</subfield>
  </datafield>
  <datafield tag="082" ind1=" " ind2=" ">
   <subfield code="a">324.1</subfield>
   <subfield code="b">PH-V</subfield>
   <subfield code="a">Pham Viet Vuong</subfield>
  </datafield>
  <datafield tag="245" ind1=" " ind2="0">
   <subfield code="a">Quan li hanh chinh nha nươc va quan li nghanh giao dục va đao tạo :</subfield>
   <subfield code="b">Dành cho sinh viên các trường sư phạm. B.s. theo chương trình của Bộ GD &amp; ĐT ban hành QĐ số 33/2002/QĐ/BGD &amp; ĐT /</subfield>
   <subfield code="c">PGS.TS Pham Viet Vương</subfield>
   <subfield code="h">chu bien</subfield>
  </datafield>
  <datafield tag="250" ind1=" " ind2=" ">
   <subfield code="a">Tai ban lan thu 4,co sưa đoi bo sung</subfield>
  </datafield>
  <datafield tag="260" ind1=" " ind2=" ">
   <subfield code="a">-H :</subfield>
   <subfield code="b">Đại học Sư phạm,</subfield>
   <subfield code="c">2005.</subfield>
  </datafield>
  <datafield tag="300" ind1=" " ind2=" ">
   <subfield code="a">317tr. ;</subfield>
   <subfield code="c">24cm.</subfield>
  </datafield>
  <datafield tag="500" ind1=" " ind2=" ">
   <subfield code="a">ĐTTS ghi: Trường ĐHSP Ha Noi</subfield>
  </datafield>
  <datafield tag="504" ind1=" " ind2=" ">
   <subfield code="a">Vien nghien cưu Su Pham</subfield>
  </datafield>
  <datafield tag="504" ind1=" " ind2=" ">
   <subfield code="a">Giao trinh danh cho SV cac trương Sư phạm</subfield>
   <subfield code="b">bien soan theo chương trinh cua Bo GD&amp;ĐT ban hanh</subfield>
  </datafield>
  <datafield tag="520" ind1=" " ind2="1">
   <subfield code="c">Tìm hieu mot so van đe cơ ban ve nha nươc,QL hanh chinh nha nuoc</subfield>
   <subfield code="h">Quan điểm của Đảng và Nhà nước về giáo dục và đào tạo</subfield>
   <subfield code="n">Quy định của Bộ giáo dục và Đào tạo về giáo dục mầm non và giáo dục phổ thông</subfield>
   <subfield code="z">Luật giáo dục và Luật chăm sóc bà mẹ và trẻ em</subfield>
  </datafield>
  <datafield tag="650" ind1=" " ind2=" ">
   <subfield code="a">Chinh tri hoc</subfield>
   <subfield code="b">Quản lí hành chính</subfield>
  </datafield>
  <datafield tag="653" ind1=" " ind2="1">
   <subfield code="a">Quản lí hành chính nhà nước và quản lí ngành giáo dục và đào tạo,Pham Viet Vương,2005</subfield>
  </datafield>
  <datafield tag="700" ind1="0" ind2=" ">
   <subfield code="a">T S. Ngo Thanh Can</subfield>
   <subfield code="b">Tran Quang Can</subfield>
   <subfield code="c">TS.Đo Ngọc Đat</subfield>
   <subfield code="d">TS.Đặng Thi Thanh Huyen</subfield>
   <subfield code="h">TS.Nguyen Văn Long</subfield>
   <subfield code="z">TS.Nguyen Đuc Thin</subfield>
  </datafield>
  <datafield tag="OWN" ind1=" " ind2=" ">
   <subfield code="a">LNN</subfield>
  </datafield>
  <datafield tag="AVA" ind1=" " ind2=" ">
   <subfield code="a">UDN50</subfield>
   <subfield code="b">LNN</subfield>
   <subfield code="d">325.1 PH-V</subfield>
   <subfield code="e">check_holdings</subfield>
   <subfield code="t">Error 5003 Not defined in file expand_doc_bib_avail.</subfield>
   <subfield code="h">N</subfield>
  </datafield>
  <datafield tag="999" ind1=" " ind2=" ">
   <subfield code="a">From the UDN01</subfield>
  </datafield>
  <datafield tag="AVA" ind1=" " ind2=" ">
   <subfield code="a">UDN50</subfield>
   <subfield code="b">LNN</subfield>
   <subfield code="d">325.1 PH-V</subfield>
   <subfield code="e">available</subfield>
   <subfield code="t">Error 5001 Not defined in file expand_doc_bib_avail.</subfield>
   <subfield code="f">184</subfield>
   <subfield code="g">1</subfield>
   <subfield code="h">N</subfield>
   <subfield code="i">0</subfield>
  </datafield>
  <datafield tag="TYP" ind1=" " ind2=" ">
   <subfield code="a">Monograph</subfield>
  </datafield>
  <datafield tag="TYP" ind1=" " ind2=" ">
   <subfield code="a">Printed language</subfield>
  </datafield>
  <datafield tag="980" ind1=" " ind2=" ">
   <subfield code="a">Mạng thư viện Đại học Đà Nẵng</subfield>
  </datafield>
 </record>
</collection>
